=LDR 00000nam 2200000 4500 =001 INLIS000000000029518 =005 20130612131738 =008 ***********************************Ind** =035 ##$$0010-061300000029518 =041 ##$$a Ind =082 ##$$a 621.381 =090 ##$$a 621.381, Suy p =100 ##$$a Suyono, Sumarjo =245 ##$$a Pengetahuan dan praktek elektronik radio transistor, tape recorder,Cassette, Sumardjo Suyono =260 ##$$a 2005 $b Surabaya =300 ##$$a viii, 94 hlm, ilus, 20 cm =650 ##$$a Elektronoka =850 ##$$a NBPNMAT